000 00389nam a22001697a 4500
003 MPLRDC
005 20220104144346.0
008 210129b ||||| |||| 00| 0 eng d
082 _a857.45 ZG
100 _a郑克编著
245 _a折狱龟鉴选
_c
250 _a初版
260 _a
_b群众出版社
_c1981
300 _b
650 _a历史小说
942 _cBK
_o857.45 ZG
999 _c48841
_d48831